|
|
|
|
| LEADER |
00000cam a2200000 cb4500 |
| 001 |
1450347673 |
| 003 |
DE-627 |
| 005 |
20241119160337.0 |
| 007 |
tu |
| 008 |
130325s2013 xxu||||| 00| ||eng c |
| 020 |
|
|
|a 9780801035784
|9 978-0-8010-3578-4
|
| 035 |
|
|
|a (DE-627)1450347673
|
| 035 |
|
|
|a (DE-576)380347679
|
| 035 |
|
|
|a (DE-599)BSZ380347679
|
| 035 |
|
|
|a (OCoLC)840046762
|
| 035 |
|
|
|a (OCoLC)840046762
|
| 040 |
|
|
|a DE-627
|b ger
|c DE-627
|e rakwb
|
| 041 |
|
|
|a eng
|
| 044 |
|
|
|c XD-US
|
| 084 |
|
|
|a 1
|2 ssgn
|
| 084 |
|
|
|a BU 1410
|q DA-3
|2 rvk
|0 (DE-625)rvk/16825:
|
| 084 |
|
|
|a 11.60
|2 bkl
|
| 100 |
1 |
|
|e VerfasserIn
|0 (DE-588)133387291
|0 (DE-627)54404181X
|0 (DE-576)182959198
|4 aut
|a Smith, James K. A.
|d 1970-
|
| 109 |
|
|
|a Smith, James K. A. 1970-
|
| 245 |
1 |
0 |
|a Imagining the kingdom
|b how worship works
|c James K. A. Smith
|
| 264 |
|
1 |
|a Grand Rapids, Mich.
|b Baker Academic
|c 2013
|
| 300 |
|
|
|a XX, 198 S.
|
| 336 |
|
|
|a Text
|b txt
|2 rdacontent
|
| 337 |
|
|
|a ohne Hilfsmittel zu benutzen
|b n
|2 rdamedia
|
| 338 |
|
|
|a Band
|b nc
|2 rdacarrier
|
| 490 |
1 |
|
|a Cultural liturgies / James K. A. Smith
|v volume 2
|
| 500 |
|
|
|a Includes bibliographical references and indexes
|
| 583 |
1 |
|
|a Archivierung/Langzeitarchivierung gewährleistet
|f SSG
|x XA-DE-BW
|2 pdager
|5 DE-21
|
| 601 |
|
|
|a Worship
|
| 650 |
0 |
7 |
|0 (DE-588)4010085-6
|0 (DE-627)104598840
|0 (DE-576)208885897
|a Christliche Erziehung
|2 gnd
|
| 800 |
1 |
|
|a Smith, James K. A.
|d 1970-
|t Cultural liturgies.
|v volume 2
|9 2
|w (DE-627)1382945647
|w (DE-576)312945647
|7 am
|
| 856 |
4 |
2 |
|u https://swbplus.bsz-bw.de/bsz380347679inh.htm
|m B:DE-576;DE-21
|q application/pdf
|v 20130327100030
|x Verlag
|3 Inhaltsverzeichnis
|7 1
|
| 935 |
|
|
|a mteo
|
| 936 |
r |
v |
|a BU 1410
|b Erziehungswissenschaftliche Gesamtdarstellungen und grundlegende Monografien
|k Theologie und Religionswissenschaften
|k Religionspädagogik und Katechetik
|k Neuere systematische Werke
|k Erziehungswissenschaftliche Gesamtdarstellungen und grundlegende Monografien
|0 (DE-627)1270733109
|0 (DE-625)rvk/16825:
|0 (DE-576)200733109
|
| 936 |
b |
k |
|a 11.60
|j Systematische Theologie: Allgemeines
|q DA-3
|0 (DE-627)106419692
|
| 951 |
|
|
|a MV
|
| ELC |
|
|
|b 1
|
| ITA |
|
|
|a 1
|t 1
|
| LOK |
|
|
|0 000 xxxxxcx a22 zn 4500
|
| LOK |
|
|
|0 001 2742087133
|
| LOK |
|
|
|0 003 DE-627
|
| LOK |
|
|
|0 004 1450347673
|
| LOK |
|
|
|0 005 20130325122120
|
| LOK |
|
|
|0 008 130325||||||||||||||||ger|||||||
|
| LOK |
|
|
|0 040
|a DE-21
|c DE-627
|d DE-21
|
| LOK |
|
|
|0 852
|a DE-21
|
| LOK |
|
|
|0 852 1
|c 49 A 10773-2
|9 00
|
| LOK |
|
|
|0 935
|a theo
|
| LOK |
|
|
|0 936ln
|a t7.2
|
| LOK |
|
|
|0 938
|a 1303
|f 2
|
| LOK |
|
|
|0 939
|a 25-03-13
|b l01
|
| ORI |
|
|
|a SA-MARC-ixtheoa001.raw
|
| STA |
0 |
0 |
|a Christian upbringing,Christian education
|
| STB |
0 |
0 |
|a Éducation chrétienne
|
| STC |
0 |
0 |
|a Educación cristiana
|
| STD |
0 |
0 |
|a Educazione cristiana
|
| STE |
0 |
0 |
|a 基督徒培育,基督徒培养
|
| STF |
0 |
0 |
|a 基督徒培育,基督徒培養
|
| STG |
0 |
0 |
|a Educação cristã
|
| STH |
0 |
0 |
|a Христианское воспитание
|
| STI |
0 |
0 |
|a Χριστιανική εκπαίδευση
|
| SYE |
0 |
0 |
|a Christentum
|